Alfabetos ornamentales a través de los tiempos
Sábháilte in:
| Príomhchruthaitheoir: | |
|---|---|
| Formáid: | LEABHAR |
| Teanga: | Spáinnis |
| Foilsithe / Cruthaithe: |
Madrid
Libsa
1991
|
| Sraith: | Colección: Poster Art
|
| Ábhair: | |
| Clibeanna: |
Cuir clib leis
Níl clibeanna ann, Bí ar an gcéad duine le clib a chur leis an taifead seo!
|
MARC
| LEADER | 00000nam a2200000 a 4500 | ||
|---|---|---|---|
| 001 | UCW0005 | ||
| 003 | CL-VaPUC | ||
| 008 | 930827e19910000SP |||||||||||||||||spa|d | ||
| 082 | 0 | 4 | |a 745.61 |b RUS |2 21 |
| 100 | 0 | |a Russell, Pat |e author |9 303990 | |
| 245 | 1 | 0 | |a Alfabetos ornamentales a través de los tiempos |
| 300 | |a 46 p | ||
| 942 | |c BK | ||
| 945 | |d 19930827 00:00:00 | ||
| 260 | |a Madrid |b Libsa |c 1991 | ||
| 650 | 7 | |a LETRAS ORNAMENTALES |2 CL-VaPUC |9 303991 | |
| 650 | 0 | |a Historia |9 255047 | |
| 583 | |a last modification |c 19930827 00:00:00 |k Rodrigo Vera | ||
| 490 | 0 | |a Colección: Poster Art | |
| 999 | |c 215262 |d 215260 | ||
| 952 | |0 0 |1 0 |4 0 |6 745_610000000000000_RUS_1991 |7 0 |8 A |9 199338 |a BIBARQ |b BIBARQ |d 2019-11-14 |i 266643K |o 745.61 RUS 1991 |p 266643K |r 2025-01-20 |w 2019-11-14 |y BK |k ARQ | ||